Veřejné zdravotnictví a výchova ke zdraví pro SZŠ 2.,aktualizované a rozšířené vydání

Saved in:
Bibliographic Details
Main Author Hamplová, Lidmila
Format Electronic eBook
LanguageCzech
Published Grada 2026
Edition1. elektronické vydání
Subjects
Online AccessDostupné v BOOKPORT po přihlášení pomocí eduID
ISBN978-80-247-9184-5
978-80-271-5434-0
Physical Description1 online zdroj (224 stran)

Cover

LEADER 00000nam a2200000 i 4500
001 bkp13956
003 CZ-prgp
005 20260407112623.0
006 m o d
007 cr cn
008 260407s2026 xr o 000 0 cze
020 |a 978-80-247-9184-5  |c 314 Kč  |q (online ; pdf) 
020 |a 978-80-271-5434-0  |c 376 Kč  |q (print) 
040 |a Grada  |b cze  |e rda 
100 1 |a Hamplová, Lidmila 
245 1 0 |a Veřejné zdravotnictví a výchova ke zdraví pro SZŠ  |b 2.,aktualizované a rozšířené vydání  |c Lidmila Hamplová 
250 |a 1. elektronické vydání 
264 1 |b Grada  |c 2026 
300 |a 1 online zdroj (224 stran) 
336 |a text  |b txt  |2 rdacontent 
337 |a počítač  |b c  |2 rdamedia 
338 |a online zdroj  |b cr  |2 rdacarrier 
520 3 |a Učebnice poskytuje široké spektrum aktuálních odborných informací z vybraných oblastí životního stylu, ochrany a podpory veřejného zdraví. 
650 0 4 |a Teoretické obory 
856 4 0 |u https://www.bookport.cz/AccountSaml/SignIn/?idp=https://shibboleth.utb.cz/idp/shibboleth&returnUrl=/kniha/verejne-zdravotnictvi-a-vychova-ke-zdravi-pro-szs-15936/  |y Dostupné v BOOKPORT po přihlášení pomocí eduID